Kaaris - Quel est le son ? #1 (Spécial Or noir) - Statistiques

Statistiques générales
  • Ce quiz a été pris 42 fois
  • Le résultat moyen est 10 sur 36
Statistiques - réponses
Hint Réponse % Correct
Tu vois flou, gant noir sur automatique au lever du rideau Bizon
77%
Le nom d'un mort tatoué sur la peau Zoo
74%
Et j'n'sais faire que le bandit, à des années-lumières de Gandhi Or Noir
71%
J'sors des entrailles d'une louve Chargé
54%
Vingt mille lieues toute l'année, ma bite dans ton cul fait d'l'apnée Bouchon de liège
43%
Ça brûle comme la chaude pisse et les mules la vomissent 63
40%
De la place dans le sac mortuaire, étrange éclipse lunaire Je bibi
40%
J'arrive comme un virus, non détecté par Curie L.E.F (feat. Booba)
40%
Et sur ton rap du passé y'a plus de rides que sur mes couilles Sombre
40%
Le soldat et le char sont tout terrain grâce aux chenilles Binks
37%
J'dépose mon holster au vestiaire, t'es dans la file d'attente depuis hier Ciroc
37%
Maman tu pleures sans fin, je sais même plus si tu souris MBM
37%
Bitch si t'es trop bonne on se retournera pour ter-ma surement par où tu chies 2 et demi
31%
C'est mon psychodrame car le temps est assassin Pas de remède
31%
On jette grand-mère dans les orties, beaucoup d'cyprine dans les shorties S.E.V.R.A.N
31%
Leurs jnouns sont faits de feu, je sens leur chaleur À l'heure
29%
Deux chiennes de guerre dans la même bre-ch' pour les veinards Dès le départ
29%
Dans l'escalier donc dans la cage, comme Iker Casillas À la barrière
26%
J'suis au niveau supérieur, j'vais faire trembler tes membres inférieurs Intro
26%
Bébé s'endort, j'nettoie mon jou'-jou', j'place une sse-lia, dans son doudou Cigarette (feat. SCH)
20%
Même boycotté, j'les ai pliés, j'suis l'attaquant et les deux ailiers Gun salute
20%
J'les écrase, pas le temps de piller Killé
20%
Couilles gonflées comme la levure Comment je fais
17%
Moi c'est Kaaris, et toi qui tu es ?! Je remplis l'sac
17%
Quand je cogne, j'fais pas de break, tu manges les gants, tu manges le grec Octogone
17%
Même Stevie Wonder verrait que t'es une grosse timp' Pablito
17%
T'as pas le choix, bitch, faut qu'tu coopères ou j'te la met dans l'uc devant ton père Exo planète
14%
Le sang d'un Tutsi, la machette d'un Hutu Juste
14%
Direct dans l'ul-c, j'passe par là et la cigogne ne viendra pas Livraison
14%
Deuxième division de parachutistes mais j'm'en bats les reins AïeAïeOuille
11%
Je recompte ma skalape, éclairé, éclairé par les gyrophares Débrouillard
11%
J’rentre dans l’jeu, j’dépose tchoin dans le carré, ça compte double au Scrabble Monsieur météo
11%
J'monte sur le ring avec une carabine, t'as le même string dans toutes les parties fines Chien de la casse
9%
Ma bitch est en mode avion, gros boule, gros eins-s, full options Détails
6%
Même ceux qui m'aiment pas, j'leur passe la paix, ça parle business, tu devrais pas snapper Golf 7R
6%
Nous, on parle plus, on t'éteint, c'est vraiment la seule chose que tu retiens Comme un refrain
3%
Aucun quiz correspondant
Distribution des résultats
% des personnes avec chaque résultat
Percentile par nombre de réponses
Votre historique - résultats
Vous n’avez pas pris ce quiz